00918nam a2200277Ia 4500001000900000003000500009005001700014008004100031010001100072020002800083040000900111082002800120100001800148245008500166260003500251300000900286500005000295503000700345505010200352650005800454650001400512650003800526650002600564650001300590700003700603dia_5982CHAP20230502122902.0220117s2013 xx 000 0 und d a177147 a978-607-11-2525-5 (v.2) cCHAP a808.839382 T39 H55 2013 aTaylor, Laini aHija de humo y hueso /c Laini Taylor ; traducción Montserrat Nieto Sánchez aMéxico :b Alfaguara,c2013 a3 v. aTítulo original: Daughter of smoke and bone aC. av.Hija de humo y hueso \ v.2. Días de sangre y resplandor \ v.3. Sueños de dioses y monstruos aAmerican literaturex21st century MythologyxFiction aFiction  aLiteratura americanaxSiglo XXI  aMitologíaxNovela  aNovela  aNieto Sánchez, Montserrat, tr.